| 000 | 01659nam a2200289Ia 4500 | ||
|---|---|---|---|
| 999 |
_c49343 _d49343 |
||
| 001 | 16260 | ||
| 003 | GE_BSU | ||
| 005 | 20230130143037.0 | ||
| 008 | 181216s2014||||ge |||||||||||||| ||geo|| | ||
| 020 | _a9789941936234 | ||
| 040 | _cGE_BSU | ||
| 041 | _ageo | ||
| 080 | _a347.779(479.22) ძ-21 | ||
| 100 |
_aძამუკაშვილი, დავით _9925 |
||
| 245 |
_aინტელექტუალურ უფლებათა სამართალი : _b(გათვალისწინებულია 2013-2014 წლების საკანონმდებლო ცვლილებები) : [მონოგრაფია] _cდავით ძამუკაშვილი. |
||
| 250 | _aმე-2 გამოცემა | ||
| 264 |
_aთბილისი : _bბონა კაუზა, _c2014. |
||
| 300 |
_a506 გვ; _b20სმ. |
||
| 490 | _aიურისტის ბიბლიოთეკა | ||
| 500 | _a ეძღვნება საქართველოში ინტელექტუალურ უფლებათა სამართლის სისტემის ამოქმედების 20 წლისთავს. | ||
| 504 | _aბიბლიოგრაფია: გვ. 499-505. | ||
| 520 | _aგატვალისწინებულია 2013-2014 წლების საკანონმდებლო ცვლილებები | ||
| 541 | _h18ლ. | ||
| 653 | _aინტელექტუალური სამართალი | ||
| 653 | _aსაკუთრების სამართალ -- | ||
| 942 |
_cBK _2udc |
||